Districts of Hong Kong - Statistics

General Stats
  • This quiz has been taken 20 times
  • The average score is 14 of 18
Answer Stats
Region District % Correct
Hong Kong Island Eastern
94%
New Territories North
89%
Hong Kong Island Southern
89%
New Territories Yuen Long
89%
New Territories Islands
83%
New Territories Sha Tin
83%
New Territories Tsuen Wan
83%
New Territories Tuen Mun
83%
Kowloon Yau Tsim Mong
83%
Kowloon Kowloon City
78%
New Territories Kwai Tsing
78%
Hong Kong Island Wan Chai
78%
Hong Kong Island Central and Western
72%
Kowloon Kwun Tong
72%
New Territories Sai Kung
72%
New Territories Tai Po
72%
Kowloon Sham Shui Po
67%
Kowloon Wong Tai Sin
67%
No matching quizzes found
Score Distribution
Percent of People with Each Score
Percentile by Number Answered
Your Score History
You have not taken this quiz